Подробности
| 000 -МАРКЕР |
| контрольное поле |
01825nam0a2200397 4500 |
| 001 - ИДЕНТИФИКАТОР ЗАПИСИ |
| контрольное поле |
RU\NLR\bibl\1456752 |
| 005 - ИДЕНТИФИКАТОР ВЕРСИИ |
| контрольное поле |
20260406062734.0 |
| 010 ## - МЕЖДУНАРОДНЫЙ СТАНДАРТНЫЙ НОМЕР КНИГИ (ISBN) |
| Номер (ISBN) |
978-5-49807-232-6 |
| Тираж |
3000 |
| 021 ## - НОМЕР ГОСУДАРСТВЕННОЙ РЕГИСТРАЦИИ |
| Код страны |
российская федерация |
| Номер |
2009-90691 |
| Номер Листа государственной регистраци |
5722 |
| 035 ## - ДРУГИЕ СИСТЕМНЫЕ НОМЕРА |
| Идентификатор записи |
(nilc)RSL-KNO-004411584 |
| 035 ## - ДРУГИЕ СИСТЕМНЫЕ НОМЕРА |
| Идентификатор записи |
(NLR Aleph) 001448548 |
| 100 ## - ДАННЫЕ ОБЩЕЙ ОБРАБОТКИ |
| Данные общей обработки |
20091105d2010 |||y0rusy50 ca |
| 101 0# - ЯЗЫК РЕСУРСА |
| Язык текста, звукозаписи и т.д. |
русский |
| 102 ## - СТРАНА ПУБЛИКАЦИИ ИЛИ ПРОИЗВОДСТВА |
| Страна публикации |
российская федерация |
| 105 ## - ПОЛЕ КОДИРОВАННЫХ ДАННЫХ: ТЕКСТОВЫЕ МАТЕРИАЛЫ, МОНОГРАФИЧЕСКИЕ |
| Кодированные данные о монографическом текстовом документе |
a ||||||||| |
| 200 1# - ЗАГЛАВИЕ И СВЕДЕНИЯ ОБ ОТВЕТСТВЕННОСТИ |
| Основное заглавие |
Компьютерная графика: Photoshop CS4, CorelDRAW X4, Illustrator CS4 |
| Первые сведения об ответственности |
Ю. Гурский, И. Гурская, А. Жвалевский |
| 210 ## - ПУБЛИКАЦИЯ, РАСПРОСТРАНЕНИЕ И ДР. |
| Место издания, распространения и т.д. |
Санкт-Петербург [и др.] |
| Имя издателя, распространителя и т. д. |
Питер |
| Дата издания, распространения и т.д. |
2010 |
| 215 ## - ФИЗИЧЕСКАЯ ХАРАКТЕРИСТИКА |
| Специфическое обозначение материала и объем |
794 с., [32] с. цв. ил. |
| Другие сведения о физической характеристике |
ил. |
| Размеры |
24 |
| Сопроводительный материал |
[1] электрон. опт. диск (CD-ROM) |
| 225 1# - СЕРИЯ |
| Основное заглавие серии |
Трюки и эффекты |
| 606 1# - НАИМЕНОВАНИЕ ТЕМЫ КАК ПРЕДМЕТ |
| Наименование темы |
ADOBE PHOTOSHOP CS 4, графический редактор |
| Системный номер авторитетной/нормативной записи |
2558972 |
| Идентификатор авторитетной/нормативной записи |
RU\NLR\auth\661513819 |
| 606 1# - НАИМЕНОВАНИЕ ТЕМЫ КАК ПРЕДМЕТ |
| Наименование темы |
COREL DRAW X4, графический редактор |
| Системный номер авторитетной/нормативной записи |
2531194 |
| Идентификатор авторитетной/нормативной записи |
RU\NLR\auth\661499264 |
| 606 1# - НАИМЕНОВАНИЕ ТЕМЫ КАК ПРЕДМЕТ |
| Наименование темы |
ADOBE ILLUSTRATOR CS 4, графический редактор |
| Системный номер авторитетной/нормативной записи |
2570359 |
| Идентификатор авторитетной/нормативной записи |
RU\NLR\auth\661520009 |
| 686 ## - ИНДЕКСЫ ДРУГИХ КЛАССИФИКАЦИЙ |
| Индекс |
З973.26-044.4-018.3я78-5 |
| Код системы |
|
| 686 ## - ИНДЕКСЫ ДРУГИХ КЛАССИФИКАЦИЙ |
| Индекс |
З973.235-018.3-5-05я78-5 |
| Код системы |
|
| 686 ## - ИНДЕКСЫ ДРУГИХ КЛАССИФИКАЦИЙ |
| Индекс |
З973.2-018.3 |
| 700 #1 - ИМЯ ЛИЦА - ПЕРВИЧНАЯ ОТВЕТСТВЕННОСТЬ |
| Код отношения |
Автор |
| Материалы, к которым относится поле |
rus |
| Графика поля |
Кириллица |
| Начальный элемент ввода |
Гурский |
| Часть имени, кроме начального элемента ввода |
Ю. А. |
| Расширение инициалов личного имени |
Юрий Анатольевич |
| Идентификатор авторитетной/нормативной записи |
RU\NLR\AUTH\7727386 |
| Системный номер авторитетной/нормативной записи |
10420 |
| 701 #1 - ИМЯ ЛИЦА - АЛЬТЕРНАТИВНАЯ ОТВЕТСТВЕННОСТЬ |
| Код отношения |
Автор |
| Материалы, к которым относится поле |
rus |
| Графика поля |
Кириллица |
| Начальный элемент ввода |
Гурская |
| Часть имени, кроме начального элемента ввода |
И. В. |
| Расширение инициалов личного имени |
Ирина Владимировна |
| Идентификатор авторитетной/нормативной записи |
RU\NLR\AUTH\7774032 |
| Системный номер авторитетной/нормативной записи |
56960 |
| 701 #1 - ИМЯ ЛИЦА - АЛЬТЕРНАТИВНАЯ ОТВЕТСТВЕННОСТЬ |
| Код отношения |
Автор |
| Материалы, к которым относится поле |
rus |
| Графика поля |
Кириллица |
| Начальный элемент ввода |
Жвалевский |
| Часть имени, кроме начального элемента ввода |
А. В. |
| Даты |
1967- |
| Расширение инициалов личного имени |
Андрей Валентинович |
| Идентификатор авторитетной/нормативной записи |
RU\NLR\AUTH\7721526 |
| Системный номер авторитетной/нормативной записи |
4588 |
| 801 #0 - ИСТОЧНИК ЗАПИСИ |
| Страна |
российская федерация |
| Организация |
РГБ |
| Дата составления |
20091105 |
| Правила каталогизации |
rcr |
| 801 #1 - ИСТОЧНИК ЗАПИСИ |
| Страна |
российская федерация |
| Организация |
РГБ |
| Дата составления |
20091105 |
| 801 #2 - ИСТОЧНИК ЗАПИСИ |
| Страна |
российская федерация |
| Организация |
NLR |
| Дата составления |
20091223 |
| Правила каталогизации |
rcr |
| 942 ## - ДОПОЛНИТЕЛЬНЫЕ ЭЛЕМЕНТЫ ЗАПИСИ (АБИС) |
| Тип экземпляра АБИС |
Книга |
| 980 ## - КОЛЛЕКЦИЯ |
| Название коллекции |
Национальная библиография |